Bundesländer, die an Brandenburg grenzen - Statistiken

Allgemein
  • Dieses Quiz wurde 49 mal gespielt
    27 seit der letzten Aktualisierung
  • Das Durchschnittsergebnis liegt bei 5 aus 5
Antwortstatistiken
Länge Antwort % Korrekt
441 km Mecklenburg-Vorpommern
100%
244 km Sachsen
100%
370 km Sachsen-Anhalt
100%
29,5 km Niedersachsen
96%
234 km Berlin
92%
Keine übereinstimmenden Quizze gefunden
Verteilung der Resultate
Anzahl Personen mit jedem Resultat
Perzentil nach korrekt beantworteten Fragen
Ihre Resultats-Entwicklung
Sie haben dieses Quiz seit der letzten Aktualisierung nicht gespielt